000 00318nam a2200121Ia 4500
008 210430s9999 xx 000 0 und d
082 _a082 P859A
100 _aPeter Potter
_954644
245 _aAll About Death /
_cPeter Potter
260 _aNew Delhi
_bUniversal Book Stall
_c1993
300 _a248
942 _cBK
_2ddc
999 _c565283
_d565283